Statistics for NBA 2014 Playoffs Starters

Click here to take the quiz!

General Stats

  • This quiz has been taken 435 times
    (394 since last reset)
  • The average score is 54 of 80

Answer Stats

TeamPlayer% Correct
HeatDwyane Wade
98%
PacersPaul George
97%
HeatChris Bosh
96%
PacersDavid West
96%
HeatLeBron James
96%
SpursDanny Green
95%
RocketsJames Harden
95%
ThunderKevin Durant
95%
ThunderRussell Westbrook
95%
WarriorsStephen Curry
95%
Trail BlazersDamian Lillard
94%
MavericksDirk Nowitzki
94%
WarriorsDraymond Green
94%
WarriorsKlay Thompson
94%
SpursTim Duncan
94%
WizardsJohn Wall
93%
SpursKawhi Leonard
93%
SpursTony Parker
93%
ClippersChris Paul
92%
RaptorsKyle Lowry
92%
WizardsBradley Beal
91%
RaptorsDeMar DeRozan
91%
GrizzliesMarc Gasol
91%
ClippersBlake Griffin
90%
ClippersDeAndre Jordan
89%
BullsJoakim Noah
87%
BobcatsKemba Walker
86%
GrizzliesMike Conley
86%
BullsJimmy Butler
84%
ThunderSerge Ibaka
84%
NetsDeron Williams
83%
HeatMario Chalmers
82%
Trail BlazersLaMarcus Aldridge
80%
RocketsDwight Howard
77%
GrizzliesZach Randolph
77%
HawksJeff Teague
76%
NetsJoe Johnson
76%
RaptorsAmir Johnson
75%
HawksPaul Millsap
75%
NetsKevin Garnett
74%
NetsPaul Pierce
74%
PacersRoy Hibbert
74%
PacersGeorge Hill
73%
RaptorsJonas Valanciunas
73%
HawksKyle Korver
73%
WizardsMarcin Gortat
70%
ClippersMatt Barnes
69%
ClippersJJ Redick
68%
WarriorsAndre Iguodala
67%
ThunderKendrick Perkins
64%
PacersLance Stephenson
63%
Trail BlazersRobin Lopez
62%
SpursTiago Splitter
60%
BullsCarlos Boozer
59%
GrizzliesCourtney Lee
59%
WarriorsDavid Lee
59%
Trail BlazersNicolas Batum
57%
RocketsPatrick Beverley
56%
WizardsTrevor Ariza
56%
ThunderThabo Sefolosha
53%
BobcatsAl Jefferson
51%
HawksDeMarre Carroll
50%
BullsKirk Hinrich
44%
MavericksShawn Marion
44%
Trail BlazersWesley Matthews
44%
MavericksMonta Ellis
42%
RocketsChandler Parsons
38%
BobcatsMichael Kidd-Gilchrist
33%
WizardsNenê
31%
GrizzliesTayshaun Prince
28%
RaptorsTerrence Ross
28%
HeatRashard Lewis
26%
BobcatsGerald Henderson
22%
BullsMike Dunleavy
21%
MavericksSamuel Dalembert
15%
RocketsÖmer Aşık
14%
NetsShaun Livingston
13%
MavericksJosé Calderon
12%
HawksPero Antić
12%
BobcatsJosh McRoberts
11%

Score Distribution

Percentile by Number Answered

Percent of People with Each Score

Your Score History

You have not taken this quiz since the last reset